000 01683cas a2200337 a 4500
008 751101d19521965gw bx p 0 b0ger
010 _asf 83008010
022 _a0138-1504
040 _aDLC
_cMnMULS
_dCtY
_dN
_dDLC
_dOCoLC
_dNST
_dNSDP
_dNST
_dInU
_dOCoLC
050 0 0 _aQ49
_b.H35
092 0 4 _a505
_bW816
_221
099 _a04
_a505 W816
210 0 _aWiss. Z. - Martin-Luther-Univ. Halle-Wittenb., Math.-nat.wiss. Reihe
222 0 _aWissenschaftliche Zeitschrift - Martin-Luther-Univ. Halle-Wittenberg. Mathematisch-naturwissenschaftliche Reihe
245 0 0 _aWissenschaftliche Zeitschrift der Martin-Luther-Universitèat Halle-Wittenberg.
_pMathematisch-naturwissenschaftliche Reihe.
260 _aHalle-Wittenberg :
_bMartin-Luther-Universitèat,
_c[1952à]-1965.
300 _av. :
_bill., maps (some col.) ;
_c30 cm.
310 _aSix no. a year
362 0 _aJahrg. 1, Heft 1/2 (1951/52)-Jahrg. 14, Heft 7.
500 _aTitle from cover.
515 _aVols. 1-2 numbered also in sequence with Wissenschaftliche Zeitschrift; gesellschafts- und sprachwissenschaftliche Reihe; i.e. v. 1, no. 1/2 is v. 1, no. 1/2 of the combined numbering, v. 2, no. 1-3 [etc.] are v. 2, no. 1, 4-5 [etc.] of the combined numbering.
650 0 _aScience
_vPeriodicals.
710 2 _aMartin-Luther-Universitèat Halle-Wittenberg.
785 0 0 _tWissenschaftliche Zeitschrift (Martin-Luther-Universitèat Halle-Wittenberg). Mathematisch-naturwissenschaftliche Reihe
_x0138-1504
_w(DLC) 57035321
_w(OCoLC)8632732
905 _aJamal
_ecat.
905 _eRev.
942 _2ddc
_cCR
_n0
999 _c139618
_d139618
336 _atext
_2rda content
337 _aUnmediated
_2rdamedia
338 _avolume
_2rdacarrier